| 000 | 00621nam a22001817a 4500 | ||
|---|---|---|---|
| 003 | AUA.1 | ||
| 005 | 20251105105124.0 | ||
| 008 | 250627b |||||||| |||| 00| 0 eng d | ||
| 040 | _cJTL | ||
| 100 | _aRaherinjatovo, Nirina Harifidy | ||
| 245 |
_aThe need for spiritual revival in Alarobia Seventh-Day Adventist Church, Madagascar / _cNirina Harifidy Raherinjatovo. |
||
| 260 | _cc2023. | ||
| 300 |
_av, 58 leaves : _bIllustrations : _c30cm. |
||
| 610 |
_aAlarobia Seventh-day Adventist Church _zMadagascar |
||
| 650 | _aRevivals | ||
| 650 | _aSpiritual life | ||
| 942 |
_2aua _cPROJECT _hMA PTh _i.R34 2023 |
||
| 999 |
_c25092 _d25092 |
||